Państwa które zostały zaatakowane przez przypadek - Statystyki

Ogólne statystyki
  • Ten quiz został rozwiązany 17 razy
  • Średni wynik to 13 z 20
Statystyki odpowiedzi
"Agresor" Rok Opis incydentu Państwo % Poprawnych
Grecja 1925 Grecki żołnierz przekroczył bułgarską granicę, szukając psa. wojska tego państwa go zastrzelili. Grecja odpowiedziała pełnoskalowym atakiem na miasto Pétrich Bułgaria
92%
Ukraina 2022 Rakieta która zboczyła z kursu uderzyła w miejscowość Przewodów zabijając 2 osoby Polska
92%
Polska 2020 Polskie oddziały podczas strzeżenia granic, które były zamknięte z powodu pandemii Covid-19 weszły na teren tego państwa zajmując pobliską kapliczkę, gdyż myśleli że należy ona do Polski Czechy
85%
Rosja 2007 Rosyjski samolot wystrzelił rakietę która trafiła w pole w rejonie Gori Gruzja
85%
Szwajcaria 1968,1976, 1986, 1992, 2007 Szwajcarskie siły zbrojne wielokrotnie naruszały terytorium tego państwa przez przypadek np. w czasie ćwiczeń wojskowych. Państwo to głównie uznawało te incydenty za niegroźne Liechtenstein
85%
Wielka Brytania 2002 Królewska Piechota Morska przypadkowo dokonała inwazji na to państwo w trakcie ćwiczeń desantowych w Gibraltarze Hiszpania
77%
Izrael 1982 Izrael wszedł do tego państwa by zwalczać OWP lecz wielokrotnie atakował jednostki z tego państwa myląc je z palestyńskimi Liban
77%
Stany Zjednoczone 2000-2010 Drony USA wielokrotnie uderzały w cele w tym państwie, czasem mylnie identyfikując cywilów lub siły pakistańskie jako talibów Pakistan
77%
Niemcy 1940-1945 Mimo iż to państwo było neutralne Niemcy w II wojnie światowej kilkukrotnie bombardowali jego terytorium Szwajcaria
77%
Francja 1915 Francuskie lotnictwo omyłkowo zbombardowało oddziały w rejonie Ypres myląc je z Niemcami Belgia
69%
Niemcy 1940 Niemcy wysłali ultimatum temu państwu, lecz lotnictwo Niemiec nie otrzymało rozkazu przerwania ataku i zbombardowało Rotterdam mimo kapitulacji Holandia
69%
Grecja 1940 Greccy żołnierze otworzyli ogień na granicy albańsko-greckiej, myśląc, że to nielegalni partyzanci – byli to cywile tego państwa. To państwo użyło ten incydent jako pretekst do inwazji na Grecję choć była już planowana Włochy
69%
Hiszpania 2023 Hiszpański Eurofighter przez przypadek zrzucił ostrą bombę na terytorium tego państwa niedaleko granicy z Rosją Estonia
62%
Stany Zjednoczone 1914 Miejscowe władze tego państwa aresztowały przez pomyłkę dziewięciu marynarzy amerykańskich. Amerykanie omyłkowo uznali to za atak i zbombardowali miasto Veracruz Meksyk
62%
Tajlandia 2011 W rejonie spornego terytorium (świątynia Preah Vihear), tajskie siły ostrzelały pozycje tego państwa, twierdząc, że to rebelia Kambodża
54%
Stany Zjednoczone 1855 Amerykańscy żołnierze ostrzelali fort tego państwa sądząc, że w jego stronę padły strzały. Okazało się jednak, że były to fajerwerki z lokalnego święta Kanada
54%
Wielka Brytania 1807 Brytyjczycy zaatakowali to państwo chcąc zapobiec jego sojuszowi z Napoleonem, lecz nie było ono w stanie wojny Dania
46%
Mali 2022 Żołnierze malijscy przez pomyłkę wkroczyli na teren tego państwa podczas pościgu za przemytnikami Wybrzeże Kości Słoniowej
46%
Wielka Brytania 1812 Brytyjscy żołnierze ostrzelali konwój tego państwa, myśląc, że to francuscy sojusznicy napoleońscy Stany Zjednoczone
38%
Stany zjednoczone 1999 Amerykańskie lotnictwo zbombardowało ambasadę tego państwa podczas wojen w Jugosławii Chiny
31%
Nie znaleziono quizów pasujących do podanych kryteriów
Rozkład punktacji
Procent ludzi z każdym wynikiem
Percentyl według liczby udzielonych odpowiedzi
Twoja historia wyników
Nie rozwiązałeś tego quizu